| 000 | 00794nam a2200193 a 4500 | ||
|---|---|---|---|
| 003 | 0 | ||
| 005 | 20250528144653.0 | ||
| 008 | 021122s19uu xx 00 eng d | ||
| 050 |
_aPHS BF 698.35.L62 _b.S38 2002 |
||
| 100 | _aSchuepp, John-Peter R. | ||
| 245 |
_aThe Relationship of gender on the locus of control of selected students from the University of Santo Tomas and St. Camillus College Seminary / _cJohn-Peter R. Schuepp. |
||
| 260 |
_aLas PiƱas City, Philippines : _bSouthville International School and Colleges, _c2002. |
||
| 300 |
_a103 pages ; _c28 cm. |
||
| 504 | _aIncludes bibliographical references. | ||
| 650 | _aLocus of control (Psychology). | ||
| 650 |
_aCollege students _xPsychology _zPhilippines. |
||
| 650 |
_aSeminarians _zPhilippines _xPsychology. |
||
| 942 |
_2lcc _cPASS |
||
| 999 |
_c96740 _d96740 |
||